000 00804nam a2200229 i 4500
001 128172
003 ES-MaACL
005 20230906193201.0
007 t|
008 070625s1992 fr ||||1| fre d
020 _a2-90992100X
080 _a326(091)(083.824)
245 0 4 _aLes anneaux de la mémoire
_b: Nantes-Europe, Afrique, Amériques : Exposition, Chateau des ducs de Bretagne, du 5 décembre 1992 au 4 février 1994.
260 _aFrancia :
_bCIM, Corderie Royale,
_c[1992]
300 _a155 p. :
_bil. ;
_c31 cm.
500 _aBiblioteca Jacinto Martínez Lacalle.
650 4 _aEsclavitud-
_xHistoria-
_vExposiciones.
_912362
655 7 _2tgfbne
_9193628
_aCatálogos de exposiciones
852 _aES-MaACL
_jE-11748
_bR.139783
942 _2udc
999 _c128172
_d128172